00592nam a2200193Ia 450000500170000000800410001702000180005804000180007604100080009408200230010210000250012524500730015025000120022326000550023530000310029065000260032165000200034765000310036720230206144825.0210716s2012 xx 000 0 und d a9788120341654 cAIMIT LIBRARY aeng a658.1511 28bBANB aBanerjee, Bhabatosh. aFinancial policy and management accounting /cBy Bhabatosh Banerjee. a8th ed. aNew Delhi :bPHI Learning private limited ,c2012. axxiii,1007p. ;bPBc23 cm. aFinancial environment aCost of capital aWorking capital management